zpět

Detail výsledku týmu

Infinity c&c bar, Zlín

Datum a čas kvízu

26.5 Celkem bodů Celkový počet nahraných bodů na tomto kvízu bez doplňovacích otázek.
8. Pořadí na kvízu Konečné umístění týmu na tomto kvízu.

Zaznamenané odpovědi

# Otázka Odpověď Body Výsledky
1. Ve středu přijali poslanci nov... přiosvojení 0
2. Jistá země od noci na pátek na... Kazachstán 0
3. Minulý týden jsme se dozvěděli... kameraman 1
4. Minulý týden byl ohlášen defin... vývojem elektromobilu (automobilu) 1
5. Který zahraniční fotbalista do... Cristiano Ronaldo 1
6. Napište český i latinský název... kost stehenní, femur (os femoris) 1
7. Ve kterém českém městě najdeme... v Brně 0
8. Hlavní postava seriálu Sběrate... Booth 0
9. Která párová kost u psů a koní... klíční kost (clavicula) 1
10. V září roku 2012 byla pod park... Richard III. 0